| 000 | 00591nam a2200181 a 4500 | ||
|---|---|---|---|
| 008 | 120416s1973 ||||||||||||||||| || u | ||
| 020 | _a007058477x | ||
| 050 | _aTA 403 Smi | ||
| 100 | _aSmith, R. C | ||
| 245 | 1 | 0 | _aMaterials of construction. (2nd ed.) |
| 250 | _a2nd ed. | ||
| 260 |
_aNew York: _bMcGraw-Hill _c1973 |
||
| 300 | _axii, 468p. : ill. | ||
| 350 | _a0.00 | ||
| 650 | _aBUILDING MATERIALS | ||
| 650 | _aCONSTRUCTION | ||
| 995 |
_D0.00 _FCBU-MAIN LIBRARY (Kitwe) _H1 _I0.00 _M1 _UAVAILABLE _ZAnnex Low-Usage Collection |
||
| 999 |
_c50615 _d50615 |
||